Regional (Record no. 78242)

MARC details
000 -LEADER
fixed length control field 00775cab a2200205 4500
001 - CONTROL NUMBER
control field L136313
008 - FIXED-LENGTH DATA ELEMENTS--GENERAL INFORMATION
fixed length control field 070125n2007 000 0 eng u
035 ## - SYSTEM CONTROL NUMBER
System control number (Sirsi) u136313
041 0# - LANGUAGE CODE
Language code of text/sound track or separate title eng
100 1# - MAIN ENTRY--PERSONAL NAME
Personal name Phillips, Mike
245 00 - TITLE STATEMENT
Title Regional
Remainder of title Essex and north east London boroughs
260 ## - PUBLICATION, DISTRIBUTION, ETC.
Date of publication, distribution, etc. 2007
490 #0 - SERIES STATEMENT
Series statement Property Week
Volume/sequential designation 72(46) 19 January 2007, 69-79(7)
520 ## - SUMMARY, ETC.
Summary, etc. Discusses the difficulties the London Development Agency is having in securing land for the 2012 Olympics, the planned construction of a new cricket stadium in Chelmsford and plans for the redevelopment of St Modwen's market.
590 ## - LOCAL NOTE (RLIN)
Local note KA
651 #4 - SUBJECT ADDED ENTRY--GEOGRAPHIC NAME
Geographic name NORTH EAST LONDON BOROUGHS
651 #4 - SUBJECT ADDED ENTRY--GEOGRAPHIC NAME
Geographic name ESSEX
690 ## - LOCAL SUBJECT ADDED ENTRY--TOPICAL TERM (OCLC, RLIN)
Topical term or geographic name as entry element PROPERTY-COMMERCIAL PROPERTY-COMMERCIAL PROPERTY MARKET
942 ## - ADDED ENTRY ELEMENTS (KOHA)
Suppress in OPAC 0
Holdings
Withdrawn status Lost status Source of classification or shelving scheme Damaged status Not for loan Home library Current library Shelving location Date acquired Total Checkouts Full call number Barcode Date last seen Copy number Price effective from Koha item type
    Dewey Decimal Classification     London London Journal article 25/01/2007   L136313 136313-1001 06/08/2019 1 06/08/2019 Journal article